000 00463nam a22001217a 4500
999 _c21538
_d21538
008 240912b ||||| |||| 00| 0 eng d
100 _aBarangan, Elizabeth Acosta
_eauthor.
_960807
245 _aBatang ina /
_cElizabeth Acosta Barangan.
260 _aPhilippines;
_bPublishers Association of the Philippines, Inc.,
_cDecember 2019.
300 _aVolume 168, pages 261,
_billustration.
700 _aBarangan, Elizabeth Acosta
_eauthor.
_960807
942 _2ddc
_cPER